书目信息 |
| 题名: |
精细化工工艺学
|
|
| 作者: | 李和平 , 葛虹 主编 | |
| 分册: | ||
| 出版信息: | 北京 科学出版社 1997 |
|
| 页数: | 636 | |
| 开本: | 26cm | |
| 丛书名: | ||
| 单 册: | ||
| 中图分类: | TQ064 | |
| 科图分类: | ||
| 主题词: | 化工产品--包装 , 化工过程:生产过程 , 化工产品--后处理 | |
| 电子资源: | ||
| ISBN: | 7-03-005927-1 | |
| 000 | 00634nam0 2200217 450 | |
| 001 | 0754114953 | |
| 005 | 20070929150154.95 | |
| 010 | @a7-03-005927-1 | |
| 100 | @a20070929d km y0chiy0120 ea | |
| 101 | 0 | @achi |
| 200 | 1 | @a精细化工工艺学@Ajing xi hua gong gong yi xue@f李和平,葛虹 主编@Fli he ping,ge hong zhu bian |
| 210 | @a北京@c科学出版社@d1997 | |
| 215 | @a636@c插图@d26cm | |
| 606 | 0 | @a化工产品@x包装 |
| 606 | 0 | @a化工过程:生产过程 |
| 606 | 0 | @a化工产品@x后处理 |
| 690 | @aTQ064@v3 | |
| 701 | 0 | @a李和平@Ali he ping@4主编 |
| 701 | 0 | @a葛虹@Age hong@4主编 |
| 801 | 0 | @aCN@bPFT@c20070929 |
| 905 | @a213230@dTQ064@eh17@f1 | |
| 精细化工工艺学/李和平,葛虹 主编.-北京:科学出版社,1997 |
| 636:插图;26cm |
| ISBN 7-03-005927-1: |
| ● |
| 相关链接 |
|
|
|
|
正题名:精细化工工艺学
索取号:TQ064/h17
 
预约/预借
| 序号 | 登录号 | 条形码 | 馆藏地/架位号 | 状态 | 备注 |
| 1 | 6000557 | 260005577 | 密集书库-化学系/ [索取号:TQ064/h17] | 在馆 |